00259nam a2200097 4500007000400000008004100004022001400045245004500059260002700104300003000131dpl230818b ||||| |||| 00| 0 eng d a0253-7176 aIndian journal of psychological medicine aNew Delhi bSagec2023 avol.45,issue1bill.c28cm